Repudium-divortium. (Origen y configuración jurídica hasta la legislación matrimonial de Augusto)

Na minha lista:
Detalhes bibliográficos
Autor principal: Fernández Baquero, María-Eva (autor)
Formato: Livro
Idioma:espanhol
latim
Publicado em: Granada, España: Ediciones TAT, 1987.
coleção:Maior, IX.
Assuntos:
Tags: Adicionar Tag
Sem tags, seja o primeiro a adicionar uma tag!

MARC

LEADER 00000nam a2200000 a 4500
001 UCP5734
003 CL-VaPUC
005 20220822114341.0
008 990927e19870000SP |||||||||||||||||spa|d
999 |c 283404  |d 283402 
020 |a 84-7732-030-6 
040 |c Pontificia Universidad Católica de Valparaíso 
041 0 7 |a spa  |2 CL-VaPUC 
041 0 7 |a lat  |2 CL-VaPUC 
082 0 4 |a 346.016 FER 1987  |2 21 
100 0 |a Fernández Baquero, María-Eva  |e autor  |9 434292 
245 1 0 |a Repudium-divortium.  |b (Origen y configuración jurídica hasta la legislación matrimonial de Augusto) 
260 |a Granada, España:  |b Ediciones TAT,  |c 1987.  
300 |a 488 páginas.  
490 0 |a Maior, IX.  
500 |a c.2 Donación Familia Prof. Alejandro Guzmán Brito. 
583 |a last modification  |c 19990927 00:00:00  |k Rodrigo Vera 
650 0 |a Derecho romano  |9 255930 
650 0 |a Matrimonio  |2 CL-VaPUC  |9 254924 
650 0 |a Derecho y legislación   |9 255077 
650 0 |a Nulidad del matrimonio  |2 CL-VaPUC  |9 254921 
942 |c BK  |2 ddc  |n 0 
945 |d 19990927 00:00:00  |a vberengu 
952 |0 0  |1 0  |4 0  |6 346_016000000000000_FER_1987  |7 0  |8 DER_ROM  |9 326556  |a BIBDER  |b BIBDER  |d 2019-11-20  |i 3535983  |o 346.016 FER 1987  |p 3535983  |r 2023-01-25  |w 2019-11-20  |x Ubicación 4to piso  |y BK  |z Este recurso debe solicitarse con anticipación  |k DER